[Event "Moscow Winter on Kolomenskoe"]
[Site "Moscow"]
[Date "2007.02.19"]
[Round "12"]
[White "Nikishin, Dmitry A"]
[Black "Vinogradov, Sergey Al"]
[Result "0-1"]
[WhiteElo "1937"]
[BlackElo "2138"]
[PlyCount "24"]
[EventDate "2007.02.08"]
[EventType "tourn"]
[EventRounds "13"]
[EventCountry "RUS"]
[SourceTitle "EXT 2019"]
[Source "ChessBase"]
[SourceDate "2018.10.10"]
[SourceVersion "1"]
[SourceVersionDate "2018.10.10"]
[SourceQuality "1"]

1. d4 d5 2. c4 Bf5 3. cxd5 Bxb1 4. Rxb1 Qxd5 5. Qa4+ Nc6 6. Nf3 Qe4 7. Ra1 0-0-0 8. e3 e5 9. Bb5 Nxd4 10. Nxd4 Rxd4 11. Qxa7 Bb4+ 12. Ke2 Qg4+ 0-1

[Event "Moscow Winter on Kolomenskoe"]
[Site "Moscow"]
[Date "2007.02.12"]
[Round "5"]
[White "Nikishin, Dmitry A"]
[Black "Vidyakin, Boris A"]
[Result "0-1"]
[WhiteElo "1937"]
[BlackElo "2085"]
[PlyCount "66"]
[EventDate "2007.02.08"]
[EventType "tourn"]
[EventRounds "13"]
[EventCountry "RUS"]
[SourceTitle "EXT 2019"]
[Source "ChessBase"]
[SourceDate "2018.10.10"]
[SourceVersion "1"]
[SourceVersionDate "2018.10.10"]
[SourceQuality "1"]

1. c4 e6 2. Nc3 b6 3. d4 Bb7 4. e4 Bb4 5. Bd3 f5 6. Qc2 Nf6 7. f3 Nc6 8. Be3 fxe4 9. fxe4 Ng4 10. Qe2 Nxe3 11. Qxe3 0-0 12. Nf3 e5 13. d5 Bc5 14. Qd2 Nd4 15. Be2 Qf6 16. b3 Rf7 17. Bd1 Raf8 18. Na4 Nxf3+ 19. Bxf3 Qh4+ 20. Kd1 Bd4 21. Rc1 Rxf3 22. gxf3 Rxf3 23. Re1 Qh3 24. Kc2 Be3 25. Rxe3 Rxe3 26. Nc3 c6 27. Rf1 Rxc3+ 28. Qxc3 Qg2+ 29. Qd2 Qxf1 30. Qg5 Qe2+ 31. Kc3 Qe1+ 32. Kb2 Qf2+ 33. Kb1 Qf6 0-1